000 00765nam a2200241Ia 4500
001 10281
003 GE_BSU
008 181216s||||||||xx |||||||||||||| ||und||
040 _cGE_BSU
080 _a821.353.1–32
100 _aსამსონია,ალექსანდრე
245 _aპროვინციის მზე
245 _bმოთხრობები
245 _cრედ.აზ.ახვლედიანი.მხატვ.დ.ერისთავი
260 _aბათუმი
260 _bსახელგამი
260 _c1973
300 _a150გვ.22სმ.
541 _h4ლ.
653 _aმოთხრობები
653 _aპროვინციის მზე
942 _cBK
999 _c43550
_d43550